| 000 | 01356nam a2200313Ia 4500 | ||
|---|---|---|---|
| 001 | ebr10380824 | ||
| 003 | CaPaEBR | ||
| 006 | m u | ||
| 007 | cr cn||||||||| | ||
| 008 | 070313s2006 dcud sb i000 0 eng d | ||
| 040 |
_aCaPaEBR _cCaPaEBR |
||
| 035 | _a(OCoLC)694141106 | ||
| 050 | 1 | 4 |
_aHG3891.5 _b.T46 2006eb |
| 100 | 1 |
_aThomas, Alun H. _q(Alun Huw) |
|
| 245 | 1 | 0 |
_aDo debt-service savings and grants boost social expenditures? _h[electronic resource] / _cAlun Thomas. |
| 260 |
_a[Washington, D.C.] : _bInternational Monetary Fund, Policy Development and Review Dept., _cc2006. |
||
| 300 |
_a18 p. : _bill. |
||
| 490 | 1 |
_aIMF working paper ; _vWP/06/180 |
|
| 500 | _a"July 2006". | ||
| 504 | _aIncludes bibliographical references. | ||
| 533 |
_aElectronic reproduction. _bPalo Alto, Calif. : _cebrary, _d2011. _nAvailable via World Wide Web. _nAccess may be limited to ebrary affiliated libraries. |
||
| 650 | 0 |
_aDebt relief _zDeveloping countries. |
|
| 650 | 0 |
_aSocial security _zDeveloping countries. |
|
| 655 | 7 |
_aElectronic books. _2local |
|
| 710 | 2 |
_aInternational Monetary Fund. _bPolicy Development and Review Dept. |
|
| 710 | 2 | _aebrary, Inc. | |
| 830 | 0 |
_aIMF working paper ; _vWP/06/180. |
|
| 856 | 4 | 0 |
_uhttp://site.ebrary.com/lib/rucke/Doc?id=10380824 _zAn electronic book accessible through the World Wide Web; click to view |
| 999 |
_c207038 _d207038 |
||